Estatísticas para Cidades do Sul Localizadas no Litoral

Clique aqui para jogar o quiz

Estatísticas Gerais

  • Esse quiz foi jogado 75 vezes
  • A pontuação média é 23 de 48

Estatísticas das Respostas

Nº de habitantesEstadoIniciaisCidade% Correto
500.973SCFFlorianópolis
100%
142.295SCBCBalneário Camboriú
98%
211.005RSRGRio Grande
88%
154.936PRPParanaguá
81%
38.732RSTTorres
81%
219.536SCIItajaí
80%
52.721SCSFdSSão Francisco do Sul
73%
81.475SCNNavegantes
69%
65.312SCIItapema
66%
171.797SCPPalhoça
66%
51.715RSTTramandaí
64%
37.067PRGGuaratuba
61%
53.049RSCdCCapão da Canoa
59%
45.994RSOOsório
59%
45.814SCLLaguna
56%
19.769SCBBombinhas
54%
16.408RSXXangri-Lá
54%
32.531SCPPenha
53%
23.078SCGGaropaba
51%
68.228SCAAraranguá
49%
44.853SCIImbituba
49%
27.284PRPdPPontal do Paraná
49%
34.720PRMMatinhos
47%
21.388SCPBPorto Belo
47%
29.168SCBVBarra Velha
46%
14.471SCGCRGovernador Celso Ramos
44%
27.568RSSJdNSão José do Norte
44%
23.147SCBPBalneário Piçarras
42%
20.576SCIItapoá
41%
12.760SCBRBalneário Rincão
39%
29.676RSSVdPSanta Vitória do Palmar
36%
10.065RSAdSArroio do Sal
34%
12.804RSMMostardas
34%
38.129SCAAraquari
32%
10.979SCBGBalneário Gaivota
32%
16.254RSCCidreira
32%
8.823SCPdTPasso de Torres
32%
38.407SCTTijucas
32%
7.636PRGGuaraqueçaba
31%
13.071SCBAdSBalneário Arroio do Silva
29%
22.800RSIImbé
29%
10.795SCBBdSBalneário Barra do Sul
24%
14.068RSBPBalneário Pinhal
24%
11.204RSTdATerra de Areia
24%
20.024SCJJaguaruna
22%
7.494SCPLPaulo Lopes
19%
5.481RSTTavares
19%
11.318RSPdSPalmares do Sul
14%

Distribuição das Pontuações

Percentil de Números Respondidos

Porcentagem de Pessoas com Cada Pontuação

Sua Pontuação Histórica

Você não jogou esse quiz